000
00308 a2200133 4500
003
Nust
005
20221226132129.0
040
_c
Nust
082
_a
297.122, HAM
245
_a
Who is Allah & his prophet/
_c
Abdul Rehman Abdullah
260
_a
Lahore
_b
Darussalam
_c
2001
300
_a
87;p.;
942
_2
ddc
_c
BK
999
_c
215107
_d
215107